| 000 | 00717cam a2200241 a 4500 | ||
|---|---|---|---|
| 001 | 000010225 | ||
| 005 | 20200929161914.0 | ||
| 008 | 890508s1988 cr 000 0 spa | ||
| 020 | _a9977901821 | ||
| 035 | _a(DLC) 89815041 | ||
| 040 |
_aDO-SdBNP _cDLC _dDLC _dBNPHU |
||
| 082 |
_aN861.44 _bP349a |
||
| 100 | 1 |
_aPeña, Horacio, _d1936- _925226 |
|
| 245 | 1 | 0 |
_aAntología del inmigrante / _cHoracio Peña. |
| 260 |
_aSan José, Costa Rica : _bLibro Libre, _c1988. |
||
| 300 |
_a103 p. ; _c21 cm. |
||
| 490 | 1 | _aPoesía en exilio | |
| 650 | 4 |
_aPoesía nicaraguense _98179 |
|
| 650 | 4 |
_aLiteratura nicaraguense _98180 |
|
| 830 | 0 |
_aPoesía en exilio. _925227 |
|
| 910 | _aCatalogación por copia/LC | ||
| 049 | _aBNGR | ||
| 999 |
_c9984 _d9984 |
||